Spell the Marvel Character #67 - Statistics

General Stats
  • This quiz has been taken 36 times
  • The average score is 6 of 7
Answer Stats
Picture Answer % Correct
Ant-Man
100%
Wolverine
100%
Iron Man
97%
Angel
87%
Spider-Gwen
81%
Banshee
71%
Wasabi
71%
No matching quizzes found
Score Distribution
Percent of People with Each Score
Percentile by Number Answered
Your Score History
You have not taken this quiz